书目信息 |
| 题名: |
波尔山羊科学饲养技术
|
|
| 作者: | 王惠生 , 王清 编著 | |
| 分册: | ||
| 出版信息: | 北京 金盾出版社 2012 |
|
| 页数: | 240页 | |
| 开本: | 21cm | |
| 丛书名: | ||
| 单 册: | ||
| 中图分类: | S827.9 , S82 | |
| 科图分类: | ||
| 主题词: | 肉用羊--山羊--饲养管理 , 肉用羊 , 山羊 | |
| 电子资源: | ||
| ISBN: | 978-7-5082-7245-0 | |
| 000 | 00916nam0 2200289 450 | |
| 001 | 2355125868 | |
| 005 | 20231216171834.09 | |
| 010 | @a978-7-5082-7245-0@dCNY 16.00 | |
| 100 | @a20120301d2012 em y0chiy0120 ea | |
| 101 | 0 | @achi |
| 102 | @aCN@b110000 | |
| 105 | @aa z 000yy | |
| 200 | 1 | @a波尔山羊科学饲养技术@Abo er shan yang ke xue si yang ji shu@f王惠生,王清编著 |
| 205 | @a2版 | |
| 210 | @a北京@c金盾出版社@d2012 | |
| 215 | @a240页@c彩图@d21cm | |
| 330 | @a本书内容包括:波尔山羊的种质特性、选育、繁殖、饲料、饲养管理、加速育肥、卫生保健、各种产品初步加工和羊肉的膳食制作等9章。 | |
| 606 | 0 | @a肉用羊@x山羊@x饲养管理 |
| 606 | 0 | @a肉用羊 |
| 606 | 0 | @a山羊 |
| 610 | 0 | @a波尔山羊 |
| 690 | @aS827.9@v5 | |
| 690 | @aS82@v4 | |
| 701 | 0 | @a王惠生@Awang hui sheng@c(高级畜牧师)@4编著 |
| 701 | 0 | @a王清@Awang qing@c(畜牧饲养)@4编著 |
| 801 | 2 | @aCN@b辽宁北配@c20231205 |
| 905 | @aBZT@dS82@e160=2 | |
| 波尔山羊科学饲养技术/王惠生,王清编著.-2版.-北京:金盾出版社,2012 |
| 240页:彩图;21cm |
| ISBN 978-7-5082-7245-0:CNY 16.00 |
| 本书内容包括:波尔山羊的种质特性、选育、繁殖、饲料、饲养管理、加速育肥、卫生保健、各种产品初步加工和羊肉的膳食制作等9章。 |
| ● |
| 相关链接 |
|
|
|
正题名:波尔山羊科学饲养技术
索取号:S82/160=2
 
预约/预借
| 序号 | 登录号 | 条形码 | 馆藏地/架位号 | 状态 | 备注 |
| 1 | 2001639841 | 2001639841 | 辽三/辽宁北配(第三批)/2916/ [索取号:S82/160=2] | 在馆 | |
| 2 | 2001639842 | 2001639842 | 辽三/辽宁北配(第三批)/2916/ [索取号:S82/160=2] | 在馆 | |
| 3 | 2001639843 | 2001639843 | 辽三/辽宁北配(第三批)/2916/ [索取号:S82/160=2] | 在馆 | |
| 4 | 2001639844 | 2001639844 | 辽三/辽宁北配(第三批)/2916/ [索取号:S82/160=2] | 在馆 | |
| 5 | 2001639845 | 2001639845 | 辽三/辽宁北配(第三批)/2916/ [索取号:S82/160=2] | 在馆 | |
| 6 | 2001639846 | 2001639846 | 辽三/辽宁北配(第三批)/2916/ [索取号:S82/160=2] | 在馆 | |
| 7 | 2001639847 | 2001639847 | 辽三/辽宁北配(第三批)/2916/ [索取号:S82/160=2] | 在馆 | |
| 8 | 2001639848 | 2001639848 | 辽三/辽宁北配(第三批)/2916/ [索取号:S82/160=2] | 在馆 | |
| 9 | 2001639849 | 2001639849 | 辽三/辽宁北配(第三批)/2916/ [索取号:S82/160=2] | 在馆 | |
| 10 | 2001639850 | 2001639850 | 辽三/辽宁北配(第三批)/2916/ [索取号:S82/160=2] | 在馆 | |
| 11 | 2001639851 | 2001639851 | 辽三/辽宁北配(第三批)/2916/ [索取号:S82/160=2] | 在馆 | |
| 12 | 2001639852 | 2001639852 | 辽三/辽宁北配(第三批)/2916/ [索取号:S82/160=2] | 在馆 | |
| 13 | 2001639853 | 2001639853 | 辽三/辽宁北配(第三批)/2916/ [索取号:S82/160=2] | 在馆 | |
| 14 | 2001639854 | 2001639854 | 辽三/辽宁北配(第三批)/2916/ [索取号:S82/160=2] | 在馆 | |
| 15 | 2001639855 | 2001639855 | 辽三/辽宁北配(第三批)/2916/ [索取号:S82/160=2] | 在馆 | |
| 16 | 2001639856 | 2001639856 | 辽三/辽宁北配(第三批)/2916/ [索取号:S82/160=2] | 在馆 | |
| 17 | 2001639857 | 2001639857 | 辽三/辽宁北配(第三批)/2916/ [索取号:S82/160=2] | 在馆 | |
| 18 | 2001639858 | 2001639858 | 辽三/辽宁北配(第三批)/2916/ [索取号:S82/160=2] | 在馆 | |
| 19 | 2001639859 | 2001639859 | 辽三/辽宁北配(第三批)/2916/ [索取号:S82/160=2] | 在馆 | |
| 20 | 2001639860 | 2001639860 | 辽三/辽宁北配(第三批)/2916/ [索取号:S82/160=2] | 在馆 | |
| 21 | 2001639861 | 2001639861 | 辽三/辽宁北配(第三批)/2916/ [索取号:S82/160=2] | 在馆 | |
| 22 | 2001639862 | 2001639862 | 辽三/辽宁北配(第三批)/2916/ [索取号:S82/160=2] | 在馆 | |
| 23 | 2001639863 | 2001639863 | 辽三/辽宁北配(第三批)/2916/ [索取号:S82/160=2] | 在馆 | |
| 24 | 2001639864 | 2001639864 | 辽三/辽宁北配(第三批)/2916/ [索取号:S82/160=2] | 在馆 | |
| 25 | 2001639865 | 2001639865 | 辽三/辽宁北配(第三批)/2916/ [索取号:S82/160=2] | 在馆 | |
| 26 | 2001639866 | 2001639866 | 辽三/辽宁北配(第三批)/2916/ [索取号:S82/160=2] | 在馆 | |
| 27 | 2001639867 | 2001639867 | 辽三/辽宁北配(第三批)/2916/ [索取号:S82/160=2] | 在馆 | |
| 28 | 2001639868 | 2001639868 | 辽三/辽宁北配(第三批)/2916/ [索取号:S82/160=2] | 在馆 | |
| 29 | 2001639869 | 2001639869 | 辽三/辽宁北配(第三批)/2916/ [索取号:S82/160=2] | 在馆 | |
| 30 | 2001639870 | 2001639870 | 辽三/辽宁北配(第三批)/2916/ [索取号:S82/160=2] | 在馆 |